|
|
|
|
| LEADER |
00000nab a2200000 ar4500 |
| 001 |
vtls009356755 |
| 003 |
SK-MaSNL |
| 005 |
20260304171516.0 |
| 008 |
180911c2007 xo wr|p|||||||000 b|slo |
| 015 |
|
|
|a SNBRB2007/07
|
| 038 |
|
|
|a PPPKCL
|
| 040 |
|
|
|a PPPKCL
|b slo
|c PPPK
|e AACR2
|
| 041 |
0 |
|
|a slo
|
| 044 |
|
|
|a xo
|c SK
|
| 080 |
|
|
|a 614.2:725.5
|x (437.6)
|x (234.372.4)
|2 2001
|
| 080 |
|
|
|a 725.51
|x (437.6)
|2 2001
|
| 100 |
1 |
|
|a Reinhart, Štefan
|4 aut
|9 1499976
|
| 245 |
1 |
0 |
|a Argumenty pre zachovanie liečební
|c MUDr. Štefan Reinhart
|
| 650 |
0 |
7 |
|a zdravotnícke zariadenia
|x redukcia lôžok
|2 pppkcl
|9 1499974
|
| 650 |
0 |
7 |
|a zdravotnícke zariadenia
|2 pppkcl
|9 3009
|
| 650 |
0 |
7 |
|a liečebné ústavy
|x redukcia lôžok
|2 pppkcl
|9 1499975
|
| 651 |
|
7 |
|a Vysoké Tatry (Poľsko a Slovensko : pohorie)
|2 SNKPHgeo
|9 67729
|
| 773 |
0 |
|
|t Tatry
|g Roč. XXXXVI, č. 4 (2007), s. 2
|x 1335-6828
|
| 852 |
|
|
|a PPPK
|b KIS3GCP
|
| 999 |
|
|
|c 2993913
|d 2995843
|